[Event "Knighthood Blitz"]
[Site "Vishy Anand Arena"]
[Date "2020.08.01"]
[Round "1"]
[White "Dust Tornado"]
[Black "Lightsaber"]
[Result "1-0"]
[WhiteElo "2818"]
[BlackElo "2205"]
[Annotator "TA"]
[PlyCount "59"]
[EventDate "2020.08.01"]
[EventType "swiss (blitz)"]

1. e4 e5 2. Nf3 Nc6 3. Bc4 Bc5 4. c3 Nf6 5. d4 exd4 6. cxd4 Bb4+ 7. Nc3 Nxe4 8. O-O Bxc3 9. d5 Bf6 10. Re1 Ne7 11. Rxe4 d6 12. Bg5 Bxg5 13. Nxg5 h6 14. Qa4+ Kf8 15. Rae1 hxg5 16. Rxe7 Qxe7 17. Rxe7 Kxe7 18. Qb3 Rb8 19. Qe3+ Kf8 20. Qxa7 Ke7 21. Qxb8 Kd7 22. Bb5+ c6 23. dxc6+ bxc6 24. Qa7+ Ke6 25. Bxc6 Kf6 26. Qd4+ Kg6 27. Be4+ f5 28. Qxd6+ Kh7 29. Bc6 f4 30. Be4+ 1-0

[Event "Knighthood Blitz"]
[Site "Vishy Anand Arena"]
[Date "2020.08.01"]
[Round "1"]
[White "Kutiktau"]
[Black "vaibhavgautam"]
[Result "1-0"]
[WhiteElo "2669"]
[BlackElo "1620"]
[Annotator "TA"]
[PlyCount "109"]
[EventDate "2020.08.01"]
[EventType "swiss (blitz)"]

1. Nf3 Nf6 2. g3 g6 3. b3 Bg7 4. Bb2 O-O 5. Bg2 d6 6. d4 Nbd7 7. O-O e5 8. dxe5 dxe5 9. Nxe5 Nxe5 10. Bxe5 c6 11. Nd2 Be6 12. Qc1 Bd5 13. Nf3 Ne4 14. Bxg7 Kxg7 15. Qb2+ Kg8 16. Rad1 Qf6 17. Qd4 Qxd4 18. Nxd4 Nf6 19. c4 Bxg2 20. Kxg2 Rad8 21. Rd3 Rd6 22. Rfd1 Rfd8 23. Nc2 Rxd3 24. Rxd3 Rxd3 25. exd3 Kf8 26. b4 Ke7 27. f4 Ke6 28. Kf3 Nd7 29. a4 f5 30. a5 Kd6 31. Ke3 c5 32. b5 Kc7 33. h3 Kd6 34. g4 Ke6 35. Kf3 Nf6 36. Ne3 Kd6 37. gxf5 gxf5 38. Nxf5+ Ke6 39. Ng3 Kf7 40. Ne4 Ke6 41. Nxc5+ Kf7 42. Nxb7 Ke6 43. b6 axb6 44. axb6 Kd7 45. Na5 Kc8 46. c5 Nd7 47. d4 h6 48. f5 Kb8 49. Ke4 Kc8 50. Kd5 Nf6+ 51. Ke6 Nd7 52. f6 h5 53. Ke7 h4 54. f7 Nf6 55. f8=Q+ 1-0

[Event "Knighthood Blitz"]
[Site "Vishy Anand Arena"]
[Date "2020.08.01"]
[Round "1"]
[White "Chessworld1"]
[Black "kingofall"]
[Result "1-0"]
[WhiteElo "2552"]
[BlackElo "1966"]
[PlyCount "55"]
[EventDate "2020.08.01"]
[EventType "swiss (blitz)"]

1. Nf3 d5 2. g3 Bg4 3. Bg2 e6 4. O-O c6 5. d3 Nd7 6. Nbd2 Ngf6 7. e4 Bd6 8. Qe1 Qc7 9. b3 O-O 10. Bb2 dxe4 11. dxe4 Ne5 12. Nh4 Bc5 13. Kh1 Rad8 14. h3 Bb4 15. Bxe5 Qxe5 16. Nc4 Bxe1 17. Nxe5 Bc3 18. Nxg4 Nxg4 19. hxg4 Bxa1 20. Rxa1 Rd2 21. Rc1 Rfd8 22. Bf1 Rxf2 23. Bd3 Rd2 24. Kg1 c5 25. Nf3 R2xd3 26. cxd3 Rxd3 27. Kf2 b6 28. b4 1-0

[Event "Knighthood Blitz"]
[Site "Vishy Anand Arena"]
[Date "2020.08.01"]
[Round "1"]
[White "terryr"]
[Black "Subhranp"]
[Result "1-0"]
[WhiteElo "2545"]
[BlackElo "1395"]
[Annotator "TA"]
[PlyCount "79"]
[EventDate "2020.08.01"]
[EventType "swiss (blitz)"]

1. e4 c5 2. Nf3 Nc6 3. Bb5 d6 4. O-O Nf6 5. e5 dxe5 6. Nxe5 Bd7 7. Bxc6 Bxc6 8. Nxc6 bxc6 9. d3 e6 10. Nd2 Be7 11. Nc4 Qc7 12. Qf3 O-O 13. Bf4 Qd7 14. Rfe1 Nd5 15. Bg3 Bf6 16. c3 Rfe8 17. Re4 Nb6 18. Ne5 Bxe5 19. Bxe5 f6 20. Bxf6 gxf6 21. Rg4+ Kf7 22. Qh3 Rh8 23. Qh5+ Kf8 24. Qh6+ Ke8 25. Rg7 Qd6 26. Qxf6 Rf8 27. Qh6 Qf4 28. Qxe6+ Kd8 29. Qe7+ Kc8 30. Qb7+ Kd8 31. Rf1 Qd6 32. Rxh7 Rc8 33. Qxa7 Nd7 34. Qa5+ Qc7 35. Qa4 Qd6 36. Qa5+ Qc7 37. Qxc7+ Kxc7 38. Re1 Rfe8 39. Kf1 Rxe1+ 40. Kxe1 1-0

[Event "Knighthood Blitz"]
[Site "Vishy Anand Arena"]
[Date "2020.08.01"]
[Round "1"]
[White "Maksim Chigaev"]
[Black "PrabhuBadkas"]
[Result "1-0"]
[WhiteElo "2534"]
[BlackElo "1429"]
[Annotator "TA"]
[PlyCount "49"]
[EventDate "2020.08.01"]
[EventType "swiss (blitz)"]

1. e4 e5 2. Nf3 Nc6 3. Bc4 Nf6 4. d3 h6 5. a4 Bc5 6. c3 d6 7. a5 Bg4 8. h3 Bh5 9. a6 b6 10. Bb5 Qd7 11. b4 Bxf2+ 12. Kxf2 O-O 13. Qa4 Nb8 14. Bxd7 Nbxd7 15. g4 Bg6 16. c4 Rac8 17. Nc3 c6 18. Bd2 d5 19. cxd5 cxd5 20. Nxd5 Nxd5 21. exd5 Nf6 22. Nxe5 Nxd5 23. Rac1 Rxc1 24. Rxc1 Ne7 25. Qd7 1-0

[Event "Knighthood Blitz"]
[Site "Vishy Anand Arena"]
[Date "2020.08.01"]
[Round "1"]
[White "V-Bernadskiy"]
[Black "Masters22"]
[Result "1-0"]
[WhiteElo "2506"]
[BlackElo "1620"]
[Annotator "NA"]
[PlyCount "67"]
[EventDate "2020.08.01"]
[EventType "swiss (blitz)"]

1. e4 e5 2. Nf3 Nc6 3. Bb5 a6 4. Ba4 d6 5. O-O Bd7 6. c3 Nf6 7. d4 exd4 8. cxd4 Be7 9. Nc3 O-O 10. h3 b5 11. Bc2 Nb4 12. Bb1 c5 13. dxc5 dxc5 14. e5 Nh5 15. a3 Nc6 16. Nd5 Be6 17. Nxe7+ Qxe7 18. Bxh7+ Kxh7 19. Ng5+ Kg8 20. Qxh5 Bf5 21. Bf4 Bg6 22. Qh4 Qd7 23. Rad1 Qf5 24. Rd6 Nxe5 25. Bxe5 Qxe5 26. Rxg6 Qxg5 27. Rxg5 f6 28. Rh5 Kf7 29. Re1 Rae8 30. Rxe8 Rxe8 31. Rxc5 Re7 32. Qh5+ Kf8 33. Rc8+ Re8 34. Rxe8# 1-0

[Event "Knighthood Blitz"]
[Site "Vishy Anand Arena"]
[Date "2020.08.01"]
[Round "1"]
[White "Phoenix92"]
[Black "Monideepbanerjee"]
[Result "1-0"]
[WhiteElo "2493"]
[BlackElo "1670"]
[Annotator "NA"]
[PlyCount "57"]
[EventDate "2020.08.01"]
[EventType "swiss (blitz)"]

1. d4 d5 2. c4 dxc4 3. Nf3 a6 4. e3 b5 5. a4 Bb7 6. axb5 axb5 7. Rxa8 Bxa8 8. b3 cxb3 9. Bxb5+ Bc6 10. Qxb3 Bxb5 11. Qxb5+ Nd7 12. Ne5 Ngf6 13. O-O e6 14. Nc3 Be7 15. Nc6 Qc8 16. Nxe7 Kxe7 17. Ba3+ Kd8 18. Rb1 Nb6 19. e4 Qd7 20. Qd3 e5 21. d5 c6 22. Rxb6 cxd5 23. Rb8+ Kc7 24. Rxh8 dxe4 25. Qc4+ Qc6 26. Rc8+ Kxc8 27. Qxc6+ Kb8 28. Bd6+ Ka7 29. Nb5# 1-0

[Event "Knighthood Blitz"]
[Site "Vishy Anand Arena"]
[Date "2020.08.01"]
[Round "1"]
[White "Visakh"]
[Black "Bennyjoseph"]
[Result "1-0"]
[WhiteElo "2477"]
[BlackElo "1620"]
[Annotator "TA"]
[PlyCount "36"]
[EventDate "2020.08.01"]
[EventType "swiss (blitz)"]

1. d4 Nf6 2. c4 e6 3. Nf3 d5 4. Nc3 Bb4 5. Bg5 O-O 6. cxd5 Bxc3+ 7. bxc3 exd5 8. g3 h6 9. Bxf6 Qxf6 10. Bg2 Nd7 11. O-O c6 12. e4 dxe4 13. Nd2 Re8 14. Re1 c5 15. Nxe4 Qg6 16. dxc5 Nf6 17. Nxf6+ Qxf6 18. Rxe8+ Kh7 1-0

[Event "Knighthood Blitz"]
[Site "Vishy Anand Arena"]
[Date "2020.08.01"]
[Round "1"]
[White "Indian-Lion"]
[Black "Syamantak"]
[Result "1-0"]
[WhiteElo "2463"]
[BlackElo "1471"]
[Annotator "TA"]
[PlyCount "49"]
[EventDate "2020.08.01"]
[EventType "swiss (blitz)"]

1. b3 e5 2. Bb2 d5 3. Bxe5 Nc6 4. Bb2 Nf6 5. e3 Bd6 6. Bb5 Bd7 7. Nf3 O-O 8. O-O a6 9. Bxc6 Bxc6 10. Ne5 Bxe5 11. Bxe5 Re8 12. f4 Nd7 13. Bb2 Nc5 14. Qg4 g6 15. f5 Ne4 16. d3 Qg5 17. Qxg5 Nxg5 18. h4 Rxe3 19. hxg5 Rg3 20. Bf6 Re8 21. Nd2 Re2 22. Rf2 Ree3 23. Nf1 Rxg2+ 24. Rxg2 d4 25. Nxe3 1-0

[Event "Knighthood Blitz"]
[Site "Vishy Anand Arena"]
[Date "2020.08.01"]
[Round "1"]
[White "DusanPopovic"]
[Black "Adityabikram"]
[Result "1-0"]
[WhiteElo "2458"]
[BlackElo "1951"]
[Annotator "TA"]
[PlyCount "47"]
[EventDate "2020.08.01"]
[EventType "swiss (blitz)"]

1. e4 c5 2. Nf3 Nc6 3. Bb5 g6 4. O-O Bg7 5. Re1 e5 6. b4 cxb4 7. a3 Nge7 8. axb4 O-O 9. Bb2 d6 10. Bxc6 Nxc6 11. b5 Ne7 12. c4 f5 13. Nc3 f4 14. d4 Be6 15. Nd5 Nxd5 16. cxd5 Bg4 17. dxe5 dxe5 18. h3 Bh5 19. Qb3 Kh8 20. Nxe5 f3 21. Ng4 fxg2 22. Bxg7+ Kxg7 23. Qc3+ Kg8 24. Nh6# 1-0

[Event "Knighthood Blitz"]
[Site "Vishy Anand Arena"]
[Date "2020.08.01"]
[Round "1"]
[White "IndianKing97"]
[Black "Indrajeet4ever"]
[Result "1-0"]
[WhiteElo "2457"]
[BlackElo "1485"]
[Annotator "NA"]
[PlyCount "85"]
[EventDate "2020.08.01"]
[EventType "swiss (blitz)"]

1. c4 c5 2. g3 g6 3. Bg2 Bg7 4. Nc3 Nc6 5. a3 a6 6. Rb1 Rb8 7. b4 cxb4 8. axb4 b5 9. cxb5 axb5 10. Nf3 Nf6 11. O-O O-O 12. d4 d5 13. Ne5 Nxe5 14. dxe5 Ng4 15. Nxd5 Nxe5 16. Bg5 f6 17. Bf4 Bf5 18. e4 Bd7 19. Qb3 e6 20. Ne3 g5 21. Bxe5 fxe5 22. Rbd1 Qe7 23. Bh3 Rbe8 24. Nf5 Qf6 25. Rxd7 Rf7 26. Rxf7 Qxf7 27. Nd6 Qe7 28. Nxe8 Qxe8 29. Bxe6+ Kf8 30. Rc1 Bf6 31. Rc8 Bd8 32. Qd5 Ke7 33. Bf5 h6 34. Qe6+ Kf8 35. Qxh6+ Kf7 36. Bg6+ Ke7 37. Bxe8 Kxe8 38. Qh8+ Kd7 39. Qxd8+ Ke6 40. Rc6+ Kf7 41. Rf6+ Kg7 42. Qf8+ Kh7 43. Rh6# 1-0

[Event "Knighthood Blitz"]
[Site "Vishy Anand Arena"]
[Date "2020.08.01"]
[Round "1"]
[White "J2d"]
[Black "Shadow_master"]
[Result "1-0"]
[WhiteElo "2446"]
[BlackElo "2136"]
[Annotator "TA"]
[PlyCount "81"]
[EventDate "2020.08.01"]
[EventType "swiss (blitz)"]

1. Nf3 d5 2. g3 Nc6 3. Bg2 e5 4. O-O Nf6 5. d3 Bd6 6. Nbd2 O-O 7. c4 d4 8. Rb1 a5 9. e3 h6 10. exd4 exd4 11. a3 Bf5 12. Qc2 Nd7 13. Ne4 Be7 14. Re1 Re8 15. Bd2 a4 16. h3 Nc5 17. Nxc5 Bxc5 18. Nh4 Be6 19. b4 axb3 20. Rxb3 Qc8 21. Kh2 Rxa3 22. Rb5 Be7 23. Rh5 Nb4 24. Bxb4 Bxb4 25. Re4 Bf8 26. Qe2 g6 27. Rb5 c6 28. Rb1 Bg7 29. Nf3 Qd7 30. Ne5 Qd6 31. c5 Qxc5 32. Rxb7 Raa8 33. Nxg6 Reb8 34. Rxb8+ Rxb8 35. Rxe6 fxe6 36. Qxe6+ Kh7 37. Be4 Qc2 38. Kg2 Rb2 39. Ne5+ Kh8 40. Qe8+ Bf8 41. Qxf8# 1-0

[Event "Knighthood Blitz"]
[Site "Vishy Anand Arena"]
[Date "2020.08.01"]
[Round "1"]
[White "LAXMAN"]
[Black "Adityaghule"]
[Result "1-0"]
[WhiteElo "2444"]
[BlackElo "1297"]
[Annotator "TA"]
[PlyCount "57"]
[EventDate "2020.08.01"]
[EventType "swiss (blitz)"]

1. d4 Nf6 2. Nf3 g6 3. c4 Bg7 4. Nc3 d6 5. g3 O-O 6. Bg2 Nbd7 7. O-O c5 8. d5 Ne8 9. Bf4 Nb6 10. Qd3 f5 11. b3 e5 12. dxe6 Bxe6 13. Rad1 Nf6 14. Bxd6 Re8 15. Bxc5 Qxd3 16. exd3 Nbd7 17. Bd4 a6 18. Ng5 Nf8 19. Bxb7 Rad8 20. Nxe6 Nxe6 21. Be3 Nd4 22. Nd5 Ng4 23. h3 Nxe3 24. fxe3 Ne6 25. Bxa6 Rd6 26. Bb5 Red8 27. d4 Nf8 28. Ne7+ Kh8 29. c5 1-0

[Event "Knighthood Blitz"]
[Site "Vishy Anand Arena"]
[Date "2020.08.01"]
[Round "1"]
[White "STRANGE"]
[Black "F Manish Anto Cristiano"]
[Result "1-0"]
[WhiteElo "2443"]
[BlackElo "1620"]
[Annotator "TA"]
[PlyCount "95"]
[EventDate "2020.08.01"]
[EventType "swiss (blitz)"]

1. Nf3 d5 2. d4 Nf6 3. Bf4 c5 4. e3 Nc6 5. Nbd2 e6 6. c3 Bd6 7. Bg3 Qe7 8. Bb5 Bd7 9. Qe2 a6 10. Bd3 e5 11. dxe5 Nxe5 12. Nxe5 Bxe5 13. Bxe5 Qxe5 14. e4 O-O 15. O-O Rfe8 16. f4 Qe7 17. e5 Ng4 18. Rae1 f6 19. h3 fxe5 20. hxg4 e4 21. Bc2 Qh4 22. f5 Bc6 23. Qf2 Qg5 24. Qf4 Qh4 25. g5 Qh5 26. f6 gxf6 27. gxf6 Rf8 28. c4 Kh8 29. cxd5 Qxd5 30. Nxe4 Qd4+ 31. Qf2 Qxb2 32. f7 Bd5 33. Qxc5 Bxf7 34. Ng5 Qg7 35. Nxf7+ Rxf7 36. Rxf7 Qxf7 37. Qe5+ Qg7 38. Qxg7+ Kxg7 39. Re7+ Kf6 40. Rxb7 Rc8 41. Rb6+ Ke5 42. Bb3 Rc1+ 43. Kh2 Rc3 44. Rxa6 Kd4 45. Ra4+ Kc5 46. Rh4 Kb5 47. Rh5+ Rc5 48. Rxh7 1-0

[Event "Knighthood Blitz"]
[Site "Vishy Anand Arena"]
[Date "2020.08.01"]
[Round "1"]
[White "Gk06"]
[Black "Devraj"]
[Result "1-0"]
[WhiteElo "2427"]
[BlackElo "1620"]
[Annotator "NA RC"]
[PlyCount "35"]
[EventDate "2020.08.01"]
[EventType "swiss (blitz)"]

1. d4 Nf6 2. c4 e6 3. Nf3 d5 4. Nc3 dxc4 5. e4 Bb4 6. Qc2 O-O 7. Bxc4 b6 8. O-O Bb7 9. Re1 Bxc3 10. bxc3 Re8 11. Bg5 h6 12. Bh4 g5 13. Nxg5 hxg5 14. Bxg5 Qd7 15. Bxf6 Qc6 16. Qd3 Nd7 17. Qg3+ Kf8 18. Qg7# 1-0

[Event "Knighthood Blitz"]
[Site "Vishy Anand Arena"]
[Date "2020.08.01"]
[Round "1"]
[White "Js3131"]
[Black "Hickey"]
[Result "0-1"]
[WhiteElo "2422"]
[BlackElo "2108"]
[Annotator "NA"]
[PlyCount "206"]
[EventDate "2020.08.01"]
[EventType "swiss (blitz)"]

1. e4 c6 2. Nc3 d5 3. Nf3 Bg4 4. h3 Bxf3 5. Qxf3 e6 6. Be2 Nf6 7. O-O Be7 8. Rd1 dxe4 9. Nxe4 Nxe4 10. Qxe4 Nd7 11. d4 Nf6 12. Qd3 O-O 13. Qb3 Qc7 14. c3 Rfd8 15. a4 Rac8 16. Bf3 Rd7 17. Be3 Rcd8 18. a5 Nd5 19. Bd2 Bf6 20. Qc4 a6 21. Re1 Ne7 22. Bc1 Nf5 23. Bg4 Nd6 24. Qb3 Nb5 25. Be3 Rd5 26. Bf3 R5d7 27. g3 Rc8 28. Kg2 Rcd8 29. h4 h6 30. Bf4 Qc8 31. Ra4 Be7 32. Bh5 Bd6 33. Be3 Be7 34. Bg4 Qc7 35. h5 Rd5 36. Bf3 R5d7 37. Raa1 Rc8 38. Bf4 Bd6 39. Be3 Be7 40. Red1 Rcd8 41. Qc2 Bf8 42. Be4 Nd6 43. Bd3 Ne8 44. Qe2 Nf6 45. Qf3 Be7 46. Bc2 Rd5 47. Bf4 Qc8 48. Rh1 Bd6 49. Be3 Be7 50. Bf4 Nh7 51. Rae1 Ng5 52. Qd3 Rxa5 53. Bxg5 Bxg5 54. f4 Bf6 55. Qh7+ Kf8 56. f5 e5 57. dxe5 Rxe5 58. Rxe5 Bxe5 59. Re1 f6 60. Bb3 Ke7 61. Qxg7+ Kd6 62. Be6 Qb8 63. b4 c5 64. bxc5+ Kxc5 65. Qe7+ Qd6 66. Qxd6+ Rxd6 67. c4 Rd2+ 68. Kh3 b5 69. cxb5 axb5 70. Rc1+ Kb6 71. Rc8 Rd3 72. Kg2 b4 73. Kf2 Rxg3 74. Rh8 Bf4 75. Rc8 Be5 76. Rc4 Rh3 77. Rxb4+ Kc5 78. Rg4 Rh2+ 79. Kf3 Kd6 80. Rg8 Rh3+ 81. Kg2 Rxh5 82. Kf1 Rg5 83. Rd8+ Kc5 84. Rd7 Kc6 85. Ke2 Rg3 86. Rd8 Rh3 87. Kf1 Rh2 88. Rc8+ Kd6 89. Rd8+ Ke7 90. Rd7+ Ke8 91. Rb7 Rh4 92. Rh7 Rf4+ 93. Ke2 Rh4 94. Kd3 Rh3+ 95. Kc2 Rh4 96. Kd1 Rd4+ 97. Ke2 Re4+ 98. Kf1 Rd4 99. Rh8+ Ke7 100. Rh7+ Kd6 101. Rd7+ Kc5 102. Rxd4 Kxd4 103. Kg2 Ke3 0-1

[Event "Knighthood Blitz"]
[Site "Vishy Anand Arena"]
[Date "2020.08.01"]
[Round "1"]
[White "Pranav_vip"]
[Black "Chessplayer324"]
[Result "1-0"]
[WhiteElo "2411"]
[BlackElo "1235"]
[Annotator "NA RC"]
[PlyCount "39"]
[EventDate "2020.08.01"]
[EventType "swiss (blitz)"]

1. e4 c5 2. Nf3 d6 3. c3 Nf6 4. Be2 a6 5. O-O e5 6. Re1 Be7 7. d4 O-O 8. dxe5 dxe5 9. Nxe5 Bd6 10. Nc4 Bxh2+ 11. Kxh2 Qxd1 12. Bxd1 Nxe4 13. Rxe4 Nc6 14. Nb6 Rb8 15. Bf4 Bf5 16. Re1 Rbd8 17. Bf3 f6 18. Bxc6 Rd2 19. Nxd2 Rc8 20. Nxc8 1-0

[Event "Knighthood Blitz"]
[Site "Vishy Anand Arena"]
[Date "2020.08.01"]
[Round "1"]
[White "lnram"]
[Black "Sairam Ramabadra"]
[Result "1-0"]
[WhiteElo "2406"]
[BlackElo "1716"]
[Annotator "TA"]
[PlyCount "97"]
[EventDate "2020.08.01"]
[EventType "swiss (blitz)"]

1. e4 e5 2. Nf3 Nf6 3. Nxe5 d6 4. Nf3 Nxe4 5. d4 d5 6. Bd3 Be7 7. O-O Nc6 8. c3 O-O 9. Nbd2 Nxd2 10. Bxd2 Bg4 11. Bf4 Bd6 12. Bg3 Bxg3 13. fxg3 Bh5 14. Qd2 Bg6 15. Rae1 Qd6 16. Bxg6 fxg6 17. Ng5 Rxf1+ 18. Rxf1 Rf8 19. Rxf8+ Qxf8 20. Qe2 Qe7 21. Qe6+ Qxe6 22. Nxe6 Na5 23. Nxc7 Nc4 24. b3 Nb6 25. Nb5 a6 26. Nd6 Kf8 27. Nxb7 Ke7 28. Nc5 a5 29. Kf2 Kd6 30. Ke3 g5 31. Kd3 h5 32. a4 h4 33. gxh4 gxh4 34. Nb7+ Kc7 35. Nxa5 g5 36. c4 g4 37. c5 Nd7 38. b4 h3 39. gxh3 gxh3 40. b5 Nf6 41. b6+ Kb8 42. c6 Ng4 43. c7+ Kc8 44. Nc6 Nxh2 45. Na7+ Kb7 46. c8=Q+ Kxb6 47. Qb8+ Ka6 48. Nc6 Nf3 49. Qb5# 1-0

[Event "Knighthood Blitz"]
[Site "Vishy Anand Arena"]
[Date "2020.08.01"]
[Round "1"]
[White "Samudragupta"]
[Black "Altomisayoc"]
[Result "1-0"]
[WhiteElo "2399"]
[BlackElo "2276"]
[PlyCount "49"]
[EventDate "2020.08.01"]
[EventType "swiss (blitz)"]

1. d4 Nf6 2. Bf4 d5 3. e3 c5 4. c3 Nc6 5. Nd2 e6 6. Ngf3 Bd6 7. Bg3 O-O 8. Bb5 Be7 9. Bd3 Nh5 10. Ne5 g6 11. f4 f5 12. Bf2 cxd4 13. cxd4 Bd7 14. a3 Rc8 15. O-O Nf6 16. Bh4 Be8 17. Ndf3 Na5 18. Rc1 Rxc1 19. Qxc1 Ne4 20. Bxe7 Qxe7 21. b4 Nc6 22. Nxc6 Bxc6 23. Ne5 Ba4 24. Bxe4 dxe4 25. Qc3 1-0

[Event "Knighthood Blitz"]
[Site "Vishy Anand Arena"]
[Date "2020.08.01"]
[Round "1"]
[White "Pabh"]
[Black "Beastmaari"]
[Result "1-0"]
[WhiteElo "2397"]
[BlackElo "1620"]
[Annotator "TA"]
[PlyCount "67"]
[EventDate "2020.08.01"]
[EventType "swiss (blitz)"]

1. Nf3 Nf6 2. g3 g6 3. b3 Bg7 4. Bb2 d6 5. d4 O-O 6. Bg2 Nbd7 7. O-O c5 8. c4 cxd4 9. Nxd4 Rb8 10. Nc3 a6 11. Rc1 Nc5 12. Qd2 Ne6 13. Nd5 Bd7 14. Nxe6 fxe6 15. Nxf6+ Bxf6 16. Bxf6 Rxf6 17. c5 d5 18. e4 Bc6 19. Rfd1 Qf8 20. exd5 exd5 21. Bxd5+ Bxd5 22. Qxd5+ Kg7 23. Qe5 Qf7 24. Qxb8 Rxf2 25. Qe5+ Kh6 26. Qe3+ g5 27. Qxf2 Qh5 28. c6 Qh3 29. cxb7 Kh5 30. Qf7+ Kg4 31. Qe6+ Kh5 32. Qxh3+ Kg6 33. b8=Q h5 34. Qe6+ 1-0

[Event "Knighthood Blitz"]
[Site "Vishy Anand Arena"]
[Date "2020.08.01"]
[Round "1"]
[White "RACEKING"]
[Black "Perseus226"]
[Result "1-0"]
[WhiteElo "2387"]
[BlackElo "1910"]
[Annotator "NA RC"]
[PlyCount "35"]
[EventDate "2020.08.01"]
[EventType "swiss (blitz)"]

1. d4 d5 2. Nf3 Nf6 3. c4 c6 4. Nc3 dxc4 5. e4 b5 6. Be2 Bb7 7. O-O e6 8. b3 b4 9. e5 bxc3 10. exf6 gxf6 11. bxc4 Bg7 12. Rb1 Bc8 13. Ba3 Nd7 14. Qc2 f5 15. Qxc3 c5 16. Qe3 cxd4 17. Nxd4 Ba6 18. Nxe6 1-0

[Event "Knighthood Blitz"]
[Site "Vishy Anand Arena"]
[Date "2020.08.01"]
[Round "1"]
[White "MasteredUI"]
[Black "Devil1234"]
[Result "0-1"]
[WhiteElo "2373"]
[BlackElo "2425"]
[Annotator "NA"]
[PlyCount "100"]
[EventDate "2020.08.01"]
[EventType "swiss (blitz)"]

1. d4 Nf6 2. c4 g6 3. Nc3 Bg7 4. e4 d6 5. Be2 O-O 6. Be3 c5 7. d5 e6 8. Nf3 exd5 9. cxd5 Bg4 10. Nd2 Bxe2 11. Qxe2 Re8 12. O-O Na6 13. f4 Nc7 14. a4 Nfxd5 15. Nxd5 Nxd5 16. exd5 Rxe3 17. Qb5 Qe7 18. Nc4 Re4 19. Kh1 Re8 20. h3 Re2 21. Ra3 Bd4 22. Raf3 f5 23. a5 h5 24. a6 b6 25. Qc6 Rd8 26. Rg3 Kh7 27. Qb5 Re1 28. Rgf3 h4 29. b4 Re2 30. bxc5 Bxc5 31. Ne5 dxe5 32. Qxe2 e4 33. Rc3 Rxd5 34. Rd1 Qd6 35. Rxd5 Qxd5 36. Qe1 Qd8 37. Rc2 Qf6 38. Rd2 Kh6 39. Rd7 b5 40. Qe2 Qa1+ 41. Rd1 Qf6 42. Qxb5 Bb6 43. Qe2 e3 44. Qe1 Qe7 45. Qe2 Bc7 46. Qe1 Bxf4 47. Rd3 Bg5 48. Qe2 Qe6 49. g4 Qe4+ 50. Qg2 Qxd3 0-1

[Event "Knighthood Blitz"]
[Site "Vishy Anand Arena"]
[Date "2020.08.01"]
[Round "1"]
[White "Pshyaamnikhil"]
[Black "ThakurUdaiveer"]
[Result "1-0"]
[WhiteElo "2366"]
[BlackElo "1313"]
[Annotator "TA"]
[PlyCount "51"]
[EventDate "2020.08.01"]
[EventType "swiss (blitz)"]

1. e4 c5 2. Nf3 d6 3. d4 cxd4 4. Nxd4 Nf6 5. Nc3 a6 6. g3 e6 7. Bg2 Be7 8. O-O O-O 9. f4 Nbd7 10. Kh1 Rb8 11. Qe2 Qc7 12. a4 b6 13. Be3 Bb7 14. Bg1 Rbc8 15. Rad1 d5 16. e5 Ne8 17. Rfe1 Bc5 18. f5 exf5 19. Nxd5 Bxd5 20. Bxd5 Bxd4 21. Bxd4 Kh8 22. c4 a5 23. Rf1 f6 24. Rxf5 fxe5 25. Bxe5 Nxe5 26. Rxf8# 1-0

[Event "Knighthood Blitz"]
[Site "Vishy Anand Arena"]
[Date "2020.08.01"]
[Round "1"]
[White "Vinniethepooh"]
[Black "Shiv01"]
[Result "0-1"]
[WhiteElo "2270"]
[BlackElo "2035"]
[Annotator "NA"]
[PlyCount "110"]
[EventDate "2020.08.01"]
[EventType "swiss (blitz)"]

1. d4 Nf6 2. c4 e6 3. Nc3 Bb4 4. f3 c5 5. d5 d6 6. e4 O-O 7. Bd3 Nbd7 8. Nge2 exd5 9. cxd5 Ne5 10. Bc2 b5 11. O-O a6 12. Kh1 Ba5 13. Bg5 h6 14. Bh4 Ng6 15. Bg3 Nh5 16. Bf2 Bc7 17. Qd2 Qf6 18. a3 Nhf4 19. Nxf4 Nxf4 20. Be3 Ng6 21. Rae1 Ne5 22. Qc1 Nc4 23. Bf2 Ba5 24. Bd3 Nxb2 25. e5 Nxd3 26. exf6 Nxc1 27. Rxc1 Bxc3 28. Rxc3 Bf5 29. Bg3 Rad8 30. Re1 gxf6 31. Rce3 a5 32. Bf4 Kg7 33. g4 Bg6 34. h4 b4 35. Kg2 c4 36. axb4 axb4 37. Re7 c3 38. Rb7 Rb8 39. Rxb8 Rxb8 40. Bxd6 Rb5 41. Be7 b3 42. d6 Rd5 43. g5 hxg5 44. hxg5 fxg5 45. f4 b2 46. fxg5 Be4+ 47. Rxe4 b1=Q 48. Bf6+ Kg6 49. Rh4 Rd2+ 50. Kg3 Qg1+ 51. Kf3 Qf2+ 52. Ke4 Qf5+ 53. Ke3 Qd3+ 54. Kf4 Rf2+ 55. Ke5 Rf5# 0-1

[Event "Knighthood Blitz"]
[Site "Vishy Anand Arena"]
[Date "2020.08.01"]
[Round "1"]
[White "Acxea"]
[Black "Ishan2559"]
[Result "1/2-1/2"]
[WhiteElo "2250"]
[BlackElo "1620"]
[Annotator "NA"]
[PlyCount "91"]
[EventDate "2020.08.01"]
[EventType "swiss (blitz)"]

1. d4 Nf6 2. c4 g6 3. Nc3 Bg7 4. e4 d6 5. h3 O-O 6. Be3 Nbd7 7. Qd2 e5 8. d5 Nc5 9. f3 Nh5 10. Nge2 f5 11. Bg5 Qe8 12. g4 fxg4 13. hxg4 Nf6 14. O-O-O Na4 15. Bg2 Nxc3 16. Nxc3 a6 17. Qe3 b5 18. c5 b4 19. Ne2 Qa4 20. Kb1 Rb8 21. cxd6 cxd6 22. Rc1 Bd7 23. Qa7 Bb5 24. Ng3 b3 25. a3 Qd4 26. Bxf6 Qxa7 27. Bxg7 Qxg7 28. g5 Bd3+ 29. Ka1 a5 30. Rc3 Bc2 31. Bh3 Rfd8 32. Be6+ Kf8 33. Rc6 a4 34. Rf1 Qe7 35. f4 Rb7 36. fxe5+ Kg7 37. Rf7+ Qxf7 38. Bxf7 Kxf7 39. e6+ Ke7 40. Rc3 Rdb8 41. Rf3 Rc7 42. Rf7+ Kd8 43. Rf8+ Ke7 44. Rf7+ Kd8 45. Rf8+ Ke7 46. Rf7+ 1/2-1/2

[Event "Knighthood Blitz"]
[Site "Vishy Anand Arena"]
[Date "2020.08.01"]
[Round "1"]
[White "Viani A Dcunha"]
[Black "duvvaabbulu"]
[Result "1-0"]
[WhiteElo "2237"]
[BlackElo "1620"]
[PlyCount "81"]
[EventDate "2020.08.01"]
[EventType "swiss (blitz)"]

1. e4 d6 2. d4 Nf6 3. Nc3 Nbd7 4. f4 e5 5. dxe5 dxe5 6. Nf3 Bd6 7. fxe5 Nxe5 8. Nxe5 Bxe5 9. Qxd8+ Kxd8 10. Bd2 Bg4 11. Be2 Bxe2 12. Kxe2 c6 13. Rhf1 Kc7 14. Bf4 Rhe8 15. Bxe5+ Rxe5 16. Kf3 Rae8 17. Rae1 Nd7 18. Re3 a5 19. Rfe1 Nc5 20. Nd1 Ne6 21. c3 Ng5+ 22. Kf4 f6 23. Nf2 Nf7 24. Nd3 Rb5 25. c4 Rh5 26. h3 g5+ 27. Kg3 Ne5 28. Nxe5 Rxe5 29. Rf3 Rh6 30. Ref1 Rxe4 31. Rxf6 Rxf6 32. Rxf6 Rxc4 33. Rf7+ Kb6 34. Rxh7 Rc2 35. b3 Rb2 36. Rg7 Rxa2 37. Rxg5 Ra3 38. h4 Rxb3+ 39. Kh2 a4 40. Rg4 a3 41. Ra4 1-0

[Event "Knighthood Blitz"]
[Site "Vishy Anand Arena"]
[Date "2020.08.01"]
[Round "1"]
[White "Adityass"]
[Black "HRICK2008"]
[Result "1-0"]
[WhiteElo "2215"]
[BlackElo "1535"]
[Annotator "NA"]
[PlyCount "105"]
[EventDate "2020.08.01"]
[EventType "swiss (blitz)"]

1. e4 Nf6 2. e5 Nd5 3. d4 d6 4. Nf3 dxe5 5. Nxe5 c6 6. Bc4 Bf5 7. O-O e6 8. c3 Nd7 9. Nf3 Bd6 10. Nbd2 O-O 11. Re1 h6 12. Nf1 N7f6 13. Ng3 Bg6 14. Ne5 Bxe5 15. dxe5 Nd7 16. Qe2 N7b6 17. Bb3 Qc7 18. a4 a5 19. Bd2 Nd7 20. Bc4 Rab8 21. Kh1 Rfd8 22. b3 Nc5 23. Rad1 Nb6 24. Be3 Qe7 25. Bd4 Nxc4 26. Qxc4 b6 27. Bxc5 bxc5 28. Ne2 Bc2 29. Rxd8+ Rxd8 30. Nc1 Rd5 31. Qe2 Bf5 32. Qc4 Bc2 33. Qe2 Bxb3 34. Nxb3 Qc7 35. Nd2 Kf8 36. Nc4 Ke7 37. Nd6 f6 38. Rb1 fxe5 39. Rb7 Kxd6 40. Rxc7 Kxc7 41. g3 Kd6 42. Kg2 Ke7 43. Qg4 Kf6 44. h4 Kf7 45. h5 Kf6 46. Qg6+ Ke7 47. Qxg7+ Kd6 48. Qxh6 Rd3 49. Qg6 Rxc3 50. h6 Ra3 51. h7 Rxa4 52. h8=Q Rb4 53. Qd8# 1-0